Colour Shades by Main Colour - Statistics

General Stats
  • This quiz has been taken 33 times
  • The average score is 17 of 20
Answer Stats
Hint Answer % Correct
Jade Green
100%
Emerald Green
100%
Azure Blue
96%
Denim Blue
96%
Burgundy Red
96%
Scarlet Red
96%
Marigold Yellow
96%
Crimson Red
93%
Sapphire Blue
89%
Lapis Lazuli Blue
89%
Pistachio Green
89%
Viridian Green
86%
Amber Yellow
86%
Malachite Green
82%
Carmine Red
79%
Citron Yellow
79%
Canary Yellow
79%
Cerulean Blue
71%
Claret Red
50%
Jasmine Yellow
39%
No matching quizzes found
Score Distribution
Percent of People with Each Score
Percentile by Number Answered
Your Score History
You have not taken this quiz